महाराणा प्रताप / (Record no. 39817)

MARC details
000 -LEADER
fixed length control field 00898nam a22002417a 4500
005 - DATE AND TIME OF LATEST TRANSACTION
control field 20100806144713.0
010 ## - LCCN (DPL NO)
LC control number HIN-90033
020 ## - INTERNATIONAL STANDARD BOOK NUMBER
Terms of availability 125.00
International Standard Book Number 9788187182776
035 ## - SYSTEM CONTROL NUMBER
System control number HN-62379
037 ## - SOURCE OF ACQUISITION
Source of stock number/acquisition DBAD / PUB
082 ## - DEWEY DECIMAL CLASSIFICATION NUMBER
Classification number 921
100 ## - MAIN ENTRY--PERSONAL NAME
Personal name शकुन, सत्य
245 ## - TITLE STATEMENT
Title महाराणा प्रताप /
Statement of responsibility, etc सत्य शकुन
246 ## - VARYING FORM OF TITLE
Title proper/short title Maharana Pratap
Remainder of title by Satya Shakun
260 ## - PUBLICATION, DISTRIBUTION, ETC. (IMPRINT)
Place of publication, distribution, etc दिल्ली
Name of publisher, distributor, etc सूर्य-भारती प्रकाशन
Date of publication, distribution, etc 2008
270 ## - ADDRESS
Address 2596/ नई सड़क
City दिल्ली
Postal code 110006
300 ## - PHYSICAL DESCRIPTION
Extent 92पृ
Dimensions 22सेमी (सजिल्द)
700 ## - ADDED ENTRY--PERSONAL NAME
9 (RLIN) 7228
700 ## - ADDED ENTRY--PERSONAL NAME
9 (RLIN) 7267
700 ## - ADDED ENTRY--PERSONAL NAME
9 (RLIN) 7698
942 ## - ADDED ENTRY ELEMENTS (KOHA)
Institution code [OBSOLETE] dpl
Item type Hindi Books
Call number prefix
Source of classification or shelving scheme Dewey Decimal Classification
Call number suffix शकुन
Classification part 921
Holdings
Withdrawn status Lost status Not for loan Collection code Home library Current library Date acquired Source of acquisition Cost, normal purchase price Full call number Barcode Copy number Cost, replacement price Koha item type
    Not For Loan Non-fiction D.B.Act.Division D.B.Act.Division 06/08/2010 DBAD / PUB 125.00 921 शकुन HN-62379 1 125.00 Hindi Books

© Delhi Public Library
Hit Counter
free hit counter